<?xml version="1.0" encoding="UTF-8"?>
<record
    xmlns:xsi="http://www.w3.org/2001/XMLSchema-instance"
    xsi:schemaLocation="http://www.loc.gov/MARC21/slim http://www.loc.gov/standards/marcxml/schema/MARC21slim.xsd"
    xmlns="http://www.loc.gov/MARC21/slim">

  <leader>00676nam a22001337a 4500</leader>
  <datafield tag="040" ind1=" " ind2=" ">
    <subfield code="c">RUA</subfield>
  </datafield>
  <datafield tag="082" ind1=" " ind2=" ">
    <subfield code="a">LMA MEA 2023 B1-438 Or.1</subfield>
  </datafield>
  <datafield tag="100" ind1=" " ind2=" ">
    <subfield code="a">MEAN VEASNA &#x1798;&#x17B6;&#x1793; &#x179C;&#x17B6;&#x179F;&#x1793;&#x17B6;</subfield>
  </datafield>
  <datafield tag="245" ind1=" " ind2=" ">
    <subfield code="a">STUDY ON LAND TRANSACTION IN SRA AEM COMMUNE, CHOAM SKAN DISTRICT, PREAH VIHEAR PROVINCE &#x179F;&#x17B7;&#x1780;&#x17D2;&#x179F;&#x17B6;&#x1796;&#x17B8;&#x1780;&#x17B6;&#x179A;&#x1795;&#x17D2;&#x1791;&#x17C1;&#x179A;&#x179F;&#x17B7;&#x1791;&#x17D2;&#x1792;&#x17B7;&#x178A;&#x17B8;&#x1792;&#x17D2;&#x179B;&#x17B8;&#x1793;&#x17C5; &#x1783;&#x17BB;&#x17C6;&#x179F;&#x17D2;&#x179A;&#x17A2;&#x17C2;&#x1798; &#x179F;&#x17D2;&#x179A;&#x17BB;&#x1780;&#x1787;&#x17B6;&#x17C6;&#x1780;&#x17D2;&#x179F;&#x17B6;&#x1793;&#x17D2;&#x178F; &#x1781;&#x17C1;&#x178F;&#x17D2;&#x178F;&#x1796;&#x17D2;&#x179A;&#x17C7;&#x179C;&#x17B7;&#x17A0;&#x17B6;&#x179A;</subfield>
  </datafield>
  <datafield tag="260" ind1=" " ind2=" ">
    <subfield code="a">PHNOM PENH</subfield>
    <subfield code="b">RUA</subfield>
    <subfield code="c">2023</subfield>
  </datafield>
  <datafield tag="300" ind1=" " ind2=" ">
    <subfield code="a">XIII. 45P</subfield>
    <subfield code="b">X.</subfield>
    <subfield code="c">29CM</subfield>
  </datafield>
  <datafield tag="856" ind1=" " ind2=" ">
    <subfield code="u">https://drive.google.com/file/d/1u1PiTAZEkC8OgMEhauU_L_qZiS8tgqDc/view?usp=sharing</subfield>
  </datafield>
  <datafield tag="942" ind1=" " ind2=" ">
    <subfield code="c">LMA</subfield>
  </datafield>
  <datafield tag="999" ind1=" " ind2=" ">
    <subfield code="c">23578</subfield>
    <subfield code="d">23578</subfield>
  </datafield>
  <datafield tag="952" ind1=" " ind2=" ">
    <subfield code="0">0</subfield>
    <subfield code="1">0</subfield>
    <subfield code="2">ddc</subfield>
    <subfield code="4">0</subfield>
    <subfield code="6">LMA_MEA_2023_000000000000000_B1438_OR_1</subfield>
    <subfield code="7">0</subfield>
    <subfield code="9">101059</subfield>
    <subfield code="a">LBB</subfield>
    <subfield code="b">LBB</subfield>
    <subfield code="c">B1.438</subfield>
    <subfield code="d">2024-08-13</subfield>
    <subfield code="l">2</subfield>
    <subfield code="o">LMA MEA 2023  B1-438 Or.1</subfield>
    <subfield code="p">a081951</subfield>
    <subfield code="r">2025-07-14</subfield>
    <subfield code="s">2025-06-25</subfield>
    <subfield code="w">2024-08-13</subfield>
    <subfield code="y">LMA</subfield>
  </datafield>
  <datafield tag="952" ind1=" " ind2=" ">
    <subfield code="0">0</subfield>
    <subfield code="1">0</subfield>
    <subfield code="2">ddc</subfield>
    <subfield code="4">0</subfield>
    <subfield code="6">LMA_MEA_2023_000000000000000_B1438_OR_2</subfield>
    <subfield code="7">0</subfield>
    <subfield code="9">101060</subfield>
    <subfield code="a">LBB</subfield>
    <subfield code="b">LBB</subfield>
    <subfield code="c">B1.438</subfield>
    <subfield code="d">2024-08-13</subfield>
    <subfield code="o">LMA MEA 2023  B1-438 Or.2</subfield>
    <subfield code="p">a080975</subfield>
    <subfield code="r">2024-08-13</subfield>
    <subfield code="w">2024-08-13</subfield>
    <subfield code="y">LMA</subfield>
  </datafield>
  <datafield tag="952" ind1=" " ind2=" ">
    <subfield code="0">0</subfield>
    <subfield code="1">0</subfield>
    <subfield code="2">ddc</subfield>
    <subfield code="4">0</subfield>
    <subfield code="6">LMA_MEA_2023_000000000000000_B1438_OR_3</subfield>
    <subfield code="7">0</subfield>
    <subfield code="9">101061</subfield>
    <subfield code="a">LBB</subfield>
    <subfield code="b">LBB</subfield>
    <subfield code="c">B1.438</subfield>
    <subfield code="d">2024-08-13</subfield>
    <subfield code="o">LMA MEA 2023  B1-438 Or.3</subfield>
    <subfield code="p">a081352</subfield>
    <subfield code="r">2024-08-13</subfield>
    <subfield code="w">2024-08-13</subfield>
    <subfield code="y">LMA</subfield>
  </datafield>
  <datafield tag="952" ind1=" " ind2=" ">
    <subfield code="0">0</subfield>
    <subfield code="1">0</subfield>
    <subfield code="2">ddc</subfield>
    <subfield code="4">0</subfield>
    <subfield code="6">LMA_MEA_2023_000000000000000_B1438_OR_4</subfield>
    <subfield code="7">0</subfield>
    <subfield code="9">101062</subfield>
    <subfield code="a">LBB</subfield>
    <subfield code="b">LBB</subfield>
    <subfield code="c">B1.438</subfield>
    <subfield code="d">2024-08-13</subfield>
    <subfield code="o">LMA MEA 2023  B1-438 Or.4</subfield>
    <subfield code="p">a080859</subfield>
    <subfield code="r">2024-08-13</subfield>
    <subfield code="w">2024-08-13</subfield>
    <subfield code="y">LMA</subfield>
  </datafield>
</record>
